[Event "World Corporate East B"]
[Site "Chess.com INT"]
[Date "2021.02.20"]
[Round "6.1"]
[White "Herndlbauer, Martin"]
[Black "Agrest, Inna"]
[Result "0-1"]
[WhiteElo "2044"]
[BlackElo "2285"]
[PlyCount "64"]
[EventDate "2021.02.19"]
[EventType "team (rapid)"]
[EventRounds "7"]
[EventCountry "USA"]
[SourceTitle "EXT 2022"]
[Source "ChessBase"]
[SourceDate "2021.10.06"]
[SourceVersion "1"]
[SourceVersionDate "2021.10.06"]
[SourceQuality "1"]
[WhiteTeam "Erste Group"]
[BlackTeam "Grenke Bank"]
[WhiteTeamCountry "AUT"]
[BlackTeamCountry "GER"]

1. Nf3 Nf6 2. e3 g6 3. d4 Bg7 4. Be2 0-0 5. c4 d6 6. 0-0 Nbd7 7. Nc3 e5 8. Qc2 Re8 9. Rd1 c6 10. b4 e4 11. Nd2 Qe7 12. a4 a5 13. bxa5 Rxa5 14. Ba3 Nf8 15. Rdb1 h5 16. Rb6 h4 17. h3 N8h7 18. Rab1 Ng5 19. d5 c5 20. Nb5 Rd8 21. Bf1 Nd7 22. Rxd6 Be5 23. Nb3 Ra8 24. Rxd7 Bxd7 25. Bxc5 Qf6 26. Bd4 Rxa4 27. Nc5 Raa8 28. Nxb7 Rdb8 29. Bxe5 Qxe5 30. Nd4 Rc8 31. Rd1 Qc7 32. Rb1 Rcb8 0-1

[Event "Niederoesterreich Landesliga 1819"]
[Site "Austria"]
[Date "2018.11.11"]
[Round "4.3"]
[White "Herndlbauer, Martin"]
[Black "Schmid, Thomas2222"]
[Result "1-0"]
[WhiteElo "2058"]
[BlackElo "2141"]
[PlyCount "69"]
[EventDate "2018.09.30"]
[EventType "team-tourn"]
[EventRounds "11"]
[EventCountry "AUT"]
[SourceTitle "CBM 189 Extra"]
[Source "ChessBase"]
[SourceDate "2019.06.03"]
[SourceVersion "1"]
[SourceVersionDate "2019.06.03"]
[SourceQuality "1"]
[WhiteTeam "Baden Invest"]
[BlackTeam "Stockerau"]
[WhiteTeamCountry "AUT"]
[BlackTeamCountry "AUT"]

1. c4 e5 2. e3 Nf6 3. Nc3 Nc6 4. Nf3 Bb4 5. Qc2 0-0 6. Nd5 Re8 7. Qf5 d6 8. Nxf6+ Qxf6 9. Qxf6 gxf6 10. a3 Bc5 11. b4 Bb6 12. Bb2 a5 13. b5 Ne7 14. d4 e4 15. Ng1 a4 16. Bc3 c6 17. Rb1 c5 18. Ne2 Kg7 19. Nf4 Ba5 20. Bxa5 Rxa5 21. Be2 f5 22. h4 b6 23. dxc5 dxc5 24. Rd1 Ra8 25. Nh5+ Kh8 26. Nf6 Rf8 27. Rd6 Rb8 28. Kd2 Be6 29. Kc3 Rfd8 30. Rhd1 Rxd6 31. Rxd6 Ng6 32. h5 Ne7 33. h6 Ng8 34. Nd5 Nxh6 35. Nxb6 1-0

[Event "Niederoesterreich Landesliga 1718"]
[Site "Austria"]
[Date "2018.01.21"]
[Round "7.4"]
[White "Lipp, Alfred"]
[Black "Herndlbauer, Martin"]
[Result "0-1"]
[WhiteElo "2014"]
[BlackElo "2081"]
[PlyCount "88"]
[EventDate "2017.10.01"]
[EventType "team-tourn"]
[EventRounds "11"]
[EventCountry "AUT"]
[SourceTitle "EXT 2019"]
[Source "ChessBase"]
[SourceDate "2018.10.10"]
[SourceVersion "1"]
[SourceVersionDate "2018.10.10"]
[SourceQuality "1"]
[WhiteTeam "Zwettl"]
[BlackTeam "Baden Invest II"]
[WhiteTeamCountry "AUT"]
[BlackTeamCountry "AUT"]

1. d4 d5 2. c4 c6 3. Nf3 Nf6 4. Nc3 dxc4 5. a4 Bf5 6. e3 e6 7. Bxc4 Bb4 8. 0-0 Nbd7 9. Bd3 Bxd3 10. Qxd3 0-0 11. Rd1 Qe7 12. Qc4 Rfd8 13. Bd2 a5 14. Na2 Bd6 15. b4 axb4 16. Bxb4 Nb6 17. Bxd6 Qxd6 18. Qb3 Nxa4 19. Nb4 Nb6 20. Nd3 Qc7 21. Rab1 Nfd7 22. Rdc1 Rdb8 23. e4 Ra5 24. h4 Rba8 25. Nde5 Nxe5 26. Nxe5 R8a6 27. h5 h6 28. f4 Qd8 29. Qd1 Qh4 30. Qd2 Ra2 31. Rc2 Rxc2 32. Qxc2 Qxf4 33. Qd3 Qg5 34. Qf3 Qe7 35. Rf1 f6 36. Ng6 Qd7 37. Rd1 Ra4 38. Qf2 Nc8 39. e5 f5 40. g4 Ne7 41. gxf5 Nxf5 42. d5 cxd5 43. Qc5 Qd8 44. Kh2 Rh4+ 0-1

[Event "Niederoesterreich Landesliga 1718"]
[Site "Austria"]
[Date "2017.11.26"]
[Round "5.3"]
[White "Herndlbauer, Martin"]
[Black "Wadsack, Winfried"]
[Result "1/2-1/2"]
[WhiteElo "2081"]
[BlackElo "2127"]
[PlyCount "92"]
[EventDate "2017.10.01"]
[EventType "team-tourn"]
[EventRounds "11"]
[EventCountry "AUT"]
[SourceTitle "EXT 2019"]
[Source "ChessBase"]
[SourceDate "2018.10.10"]
[SourceVersion "1"]
[SourceVersionDate "2018.10.10"]
[SourceQuality "1"]
[WhiteTeam "Baden Invest II"]
[BlackTeam "Amstetten"]
[WhiteTeamCountry "AUT"]
[BlackTeamCountry "AUT"]

1. Nf3 d5 2. e3 Nf6 3. c4 c6 4. Nc3 Bg4 5. Qb3 Qb6 6. Qxb6 axb6 7. cxd5 Bxf3 8. gxf3 Nxd5 9. Nxd5 cxd5 10. Bb5+ Nc6 11. b3 e5 12. Bb2 Bd6 13. f4 f6 14. fxe5 Bxe5 15. Bxe5 fxe5 16. Rg1 0-0 17. Rg5 h6 18. Bxc6 hxg5 19. Bxd5+ Kh7 20. Bxb7 Ra7 21. Be4+ g6 22. Rc1 Rf6 23. a4 Raf7 24. Rc6 Kg7 25. f3 Rxc6 26. Bxc6 Kf6 27. Ke2 Ke6 28. b4 Kd6 29. Be4 Rh7 30. Kd3 Rxh2 31. Bxg6 Rh4 32. Be4 g4 33. fxg4 Rxg4 34. a5 bxa5 35. bxa5 Kc5 36. a6 Kb6 37. Bb7 Ra4 38. Kc3 Kb5 39. Kd3 Kc5 40. Ke2 Kb6 41. Kf3 Rh4 42. e4 Rf4+ 43. Ke3 Rh4 44. Kf3 Rf4+ 45. Ke3 Rh4 46. Kf3 Rf4+ 1/2-1/2

[Event "Niederoesterreich Landesliga 1617"]
[Site "Austria"]
[Date "2017.01.22"]
[Round "5.4"]
[White "Ehs, Dominik"]
[Black "Herndlbauer, Martin"]
[Result "1/2-1/2"]
[WhiteElo "2108"]
[BlackElo "2112"]
[PlyCount "98"]
[EventDate "2016.10.02"]
[EventType "team-tourn"]
[EventRounds "11"]
[EventCountry "AUT"]
[SourceTitle "EXT 2018"]
[Source "ChessBase"]
[SourceDate "2017.10.13"]
[SourceVersion "1"]
[SourceVersionDate "2017.10.13"]
[SourceQuality "1"]
[WhiteTeam "Mostarrichi"]
[BlackTeam "Baden Invest II"]
[WhiteTeamCountry "AUT"]
[BlackTeamCountry "AUT"]

1. e4 d6 2. d4 Nf6 3. Nc3 e5 4. dxe5 dxe5 5. Qxd8+ Kxd8 6. Bc4 Ke8 7. Nf3 Bd6 8. Bg5 Nbd7 9. 0-0-0 a6 10. Nd2 c6 11. Bb3 b5 12. Rhe1 Bc5 13. Be3 Ng4 14. Bxc5 Nxc5 15. Re2 Ke7 16. h3 Nf6 17. f4 exf4 18. e5 Nh5 19. Nde4 Nxb3+ 20. cxb3 Be6 21. Rd6 Rhc8 22. Red2 Ra7 23. Nc5 Ng3 24. R6d4 g5 25. N3e4 Nxe4 26. Nxe4 h6 27. Nf6 c5 28. Rd6 c4 29. b4 c3 30. bxc3 Rxc3+ 31. Kb2 Rc8 32. a3 a5 33. bxa5 Rxa5 34. Nd5+ Bxd5 35. R2xd5 Rca8 36. Rd3 b4 37. axb4 Ra2+ 38. Kc3 Rxg2 39. Rxh6 Rg3 40. Rhd6 Ra3+ 41. Kc4 Rxh3 42. Rd7+ Ke6 43. R3d6+ Kxe5 44. Rd5+ Kf6 45. R7d6+ Ke7 46. Rd7+ Kf8 47. Rxg5 Rac3+ 48. Kb5 f3 49. Rf5 Rh7 1/2-1/2

[Event "Niederoesterreich Landesliga 1617"]
[Site "Austria"]
[Date "2016.10.23"]
[Round "2.3"]
[White "Vrana, Frantisek"]
[Black "Herndlbauer, Martin"]
[Result "1-0"]
[WhiteElo "2200"]
[BlackElo "2112"]
[PlyCount "85"]
[EventDate "2016.10.02"]
[EventType "team-tourn"]
[EventRounds "11"]
[EventCountry "AUT"]
[SourceTitle "EXT 2018"]
[Source "ChessBase"]
[SourceDate "2017.10.13"]
[SourceVersion "1"]
[SourceVersionDate "2017.10.13"]
[SourceQuality "1"]
[WhiteTeam "Mistelbach"]
[BlackTeam "Baden Invest II"]
[WhiteTeamCountry "AUT"]
[BlackTeamCountry "AUT"]

1. d4 d5 2. Nf3 Nf6 3. Bf4 c5 4. c3 Qb6 5. Qb3 Nc6 6. e3 c4 7. Qc2 Bf5 8. Qc1 h6 9. h3 e6 10. Nbd2 Rc8 11. Be2 Be7 12. 0-0 0-0 13. Bd1 Qa5 14. Bc2 b5 15. a3 Qb6 16. Re1 Qb7 17. Qb1 Bxc2 18. Qxc2 a5 19. e4 dxe4 20. Nxe4 Nd5 21. Bd6 Rfd8 22. Nc5 Qb6 23. Bxe7 Ncxe7 24. Ne5 Nf4 25. Qe4 Ned5 26. Kh2 Rxc5 27. dxc5 Qxc5 28. Qd4 Qc7 29. g3 Nh5 30. Rad1 Nhf6 31. a4 Rb8 32. axb5 Rxb5 33. Nxc4 Nd7 34. Rd2 Nc5 35. Qe5 Qc6 36. Qd6 Qb7 37. Qd8+ Kh7 38. Nd6 Qc6 39. Nxf7 Nd7 40. c4 Nf4 41. gxf4 Qf3 42. Qxd7 Rh5 43. Qd3+ 1-0

[Event "Niederoesterreich Landesliga 1516"]
[Site "Austria"]
[Date "2016.02.28"]
[Round "9.4"]
[White "Herndlbauer, Martin"]
[Black "Rechberger, Franz"]
[Result "1-0"]
[WhiteElo "2083"]
[BlackElo "2071"]
[PlyCount "71"]
[EventDate "2015.09.27"]
[EventType "team-tourn"]
[EventRounds "11"]
[EventCountry "AUT"]
[SourceTitle "EXT 2017"]
[Source "ChessBase"]
[SourceDate "2016.10.25"]
[SourceVersion "1"]
[SourceVersionDate "2016.10.25"]
[SourceQuality "1"]
[WhiteTeam "Baden Invest II"]
[BlackTeam "Amstetten"]
[WhiteTeamCountry "AUT"]
[BlackTeamCountry "AUT"]

1. e4 e6 2. d3 d5 3. Nd2 Nf6 4. g3 Bc5 5. Bg2 dxe4 6. Nxe4 Nxe4 7. Bxe4 Nd7 8. c3 Nf6 9. Bg2 e5 10. Nf3 Qe7 11. 0-0 0-0 12. Nxe5 Qxe5 13. d4 Bxd4 14. cxd4 Qa5 15. d5 Bg4 16. Qd4 Be2 17. Bd2 Qb6 18. Qxb6 cxb6 19. Rfc1 Rad8 20. Bg5 Rd7 21. Bxf6 gxf6 22. Rc2 Bb5 23. a4 Bd3 24. Rc3 Bf5 25. f4 Re8 26. g4 Be4 27. Re3 Rde7 28. d6 Bxg2 29. dxe7 Bc6 30. Rd1 f5 31. g5 f6 32. gxf6 Kf7 33. Rd6 Bxa4 34. Rg3 Rg8 35. Rxg8 Kxg8 36. Rd8+ 1-0

[Event "AUT-chT2O 1516"]
[Site "Austria"]
[Date "2016.02.21"]
[Round "6.1"]
[White "Herndlbauer, Martin"]
[Black "Morgunov, Daniel"]
[Result "0-1"]
[WhiteElo "2084"]
[BlackElo "2109"]
[PlyCount "82"]
[EventDate "2015.10.17"]
[EventType "team-tourn"]
[EventRounds "11"]
[EventCountry "AUT"]
[SourceTitle "EXT 2017"]
[Source "ChessBase"]
[SourceDate "2016.10.25"]
[SourceVersion "1"]
[SourceVersionDate "2016.10.25"]
[SourceQuality "1"]
[WhiteTeam "Baden Invest"]
[BlackTeam "Tschaturanga"]
[WhiteTeamCountry "AUT"]
[BlackTeamCountry "AUT"]

1. e4 c5 2. Nf3 Nc6 3. d4 cxd4 4. Nxd4 e5 5. Nb5 a6 6. Nd6+ Bxd6 7. Qxd6 Qe7 8. Qd1 Nf6 9. Nc3 d6 10. Bg5 Be6 11. g3 h6 12. Bxf6 Qxf6 13. Bg2 0-0 14. 0-0 Rac8 15. Nd5 Bxd5 16. exd5 Nb8 17. Qe2 Qg6 18. c4 Nd7 19. Rac1 f5 20. b4 Qf6 21. Rc3 e4 22. Rfc1 Ne5 23. a3 Nd3 24. R1c2 Qe5 25. Qe3 a5 26. bxa5 g5 27. f3 Rce8 28. fxe4 Nc5 29. Rf2 fxe4 30. Rxf8+ Rxf8 31. Rc1 Kg7 32. Bh3 Rf3 33. Qe2 Qd4+ 34. Kh1 Rf2 35. Qh5 e3 36. Qe8 Ne4 37. Rb1 Rf7 38. Be6 Nxg3+ 39. hxg3 Qe4+ 40. Kh2 Rf2+ 41. Kh3 Qg2+ 0-1

[Event "AUT-chT2O 1516"]
[Site "Austria"]
[Date "2016.02.20"]
[Round "5.1"]
[White "Herndlbauer, Martin"]
[Black "Pinter, Erik"]
[Result "1/2-1/2"]
[WhiteElo "2084"]
[BlackElo "2370"]
[PlyCount "125"]
[EventDate "2015.10.17"]
[EventType "team-tourn"]
[EventRounds "11"]
[EventCountry "AUT"]
[SourceTitle "EXT 2017"]
[Source "ChessBase"]
[SourceDate "2016.10.25"]
[SourceVersion "1"]
[SourceVersionDate "2016.10.25"]
[SourceQuality "1"]
[WhiteTeam "Baden Invest"]
[BlackTeam "Nickelsdorf Blackburne"]
[WhiteTeamCountry "AUT"]
[BlackTeamCountry "AUT"]

1. e4 c5 2. Nf3 d6 3. d4 cxd4 4. Nxd4 Nf6 5. Nc3 Nc6 6. Bg5 e6 7. Qd2 a6 8. 0-0-0 Bd7 9. f4 b5 10. Bxf6 gxf6 11. Kb1 Qb6 12. Nxc6 Bxc6 13. f5 b4 14. Ne2 Bxe4 15. Ng3 Bd5 16. Nh5 0-0-0 17. Nf4 Be4 18. fxe6 d5 19. exf7 Bc5 20. g3 f5 21. Bd3 Be3 22. Qe2 Bxf4 23. gxf4 Rhf8 24. Qh5 Qg6 25. Qxg6 hxg6 26. Bxa6+ Kc7 27. Rhg1 Rd6 28. Bd3 Rxf7 29. a3 bxa3 30. bxa3 Rh7 31. Rd2 Rh4 32. Rf2 Rh8 33. Kb2 Ra8 34. Ra1 Rb6+ 35. Kc3 Ra4 36. Kd2 Kd7 37. Rff1 Ke7 38. Ke3 Kf6 39. h4 Rb8 40. Rfb1 Rxb1 41. Rxb1 Rxa3 42. Rb6+ Kg7 43. Kd4 Kh6 44. Bxe4 dxe4 45. Rb1 Kh5 46. Rg1 Rf3 47. Ke5 e3 48. c4 Kxh4 49. c5 e2 50. Re1 Rc3 51. Rxe2 Rxc5+ 52. Kd4 Ra5 53. Rg2 Ra4+ 54. Ke5 Ra6 55. Rg5 Rb6 56. Kd4 Re6 57. Kd3 Kh3 58. Kd2 Re4 59. Rxg6 Rxf4 60. Ke3 Rg4 61. Rf6 Re4+ 62. Kf3 Ra4 63. Rxf5 1/2-1/2

[Event "AUT-chT2O 1415"]
[Site "Austria"]
[Date "2014.11.15"]
[Round "3.2"]
[White "Kuthan, Andreas"]
[Black "Herndlbauer, Martin"]
[Result "1-0"]
[WhiteElo "2208"]
[BlackElo "2110"]
[PlyCount "43"]
[EventDate "2014.10.18"]
[EventType "team-tourn"]
[EventRounds "11"]
[EventCountry "AUT"]
[SourceTitle "CBM 163 Extra"]
[Source "ChessBase"]
[SourceDate "2014.12.23"]
[SourceVersion "1"]
[SourceVersionDate "2014.12.23"]
[SourceQuality "1"]
[WhiteTeam "Pamhagen"]
[BlackTeam "Baden Invest"]
[WhiteTeamCountry "AUT"]
[BlackTeamCountry "AUT"]

1. d4 d5 2. c4 c6 3. Nc3 Nf6 4. e3 Bf5 5. cxd5 cxd5 6. Qb3 Bc8 7. Nf3 a6 8. Bd3 Nc6 9. 0-0 Na5 10. Qc2 b5 11. e4 dxe4 12. Nxe4 Nd5 13. Bd2 Bb7 14. Nc5 Bc6 15. Ne5 Rc8 16. Nxa6 e6 17. Nxc6 Qb6 18. Bxa5 Qxa6 19. Rac1 Nf4 20. Nb4 Rxc2 21. Nxa6 Rxc1 22. Bxb5+ 1-0

[Event "AUT-chT2O 1415"]
[Site "Austria"]
[Date "2014.10.19"]
[Round "2.5"]
[White "Herndlbauer, Martin"]
[Black "Gratze, Michael"]
[Result "0-1"]
[WhiteElo "2110"]
[BlackElo "2017"]
[PlyCount "64"]
[EventDate "2014.10.18"]
[EventType "team-tourn"]
[EventRounds "11"]
[EventCountry "AUT"]
[SourceTitle "EXT 2015"]
[Source "ChessBase"]
[SourceDate "2014.11.20"]
[SourceVersion "1"]
[SourceVersionDate "2014.11.20"]
[SourceQuality "1"]
[WhiteTeam "Baden Invest"]
[BlackTeam "Poechlarn"]
[WhiteTeamCountry "AUT"]
[BlackTeamCountry "AUT"]

1. d4 Nf6 2. c4 g6 3. f3 Bg7 4. e4 d6 5. Nc3 0-0 6. Bg5 h6 7. Be3 c5 8. d5 Na6 9. Qd2 h5 10. Bd3 Nc7 11. Nge2 a6 12. 0-0 Bd7 13. a4 h4 14. Kh1 Nh7 15. f4 h3 16. g3 Nf6 17. Bg1 e6 18. e5 dxe5 19. Bxc5 exd5 20. Bxf8 Bxf8 21. fxe5 dxc4 22. Be4 Nxe4 23. Nxe4 Bc6 24. Qf4 f5 25. exf6 Ne6 26. Qg4 Ng5 27. N2c3 Qd2 28. f7+ Kg7 29. Rg1 Qxc3 30. bxc3 Nxe4 31. Qxg6+ Kxg6 32. Rge1 Nxg3+ 0-1

[Event "AUT-chT 1314"]
[Site "Austria"]
[Date "2014.03.22"]
[Round "10.5"]
[White "Schachinger, Mario"]
[Black "Herndlbauer, Martin"]
[Result "1-0"]
[WhiteElo "2403"]
[BlackElo "2119"]
[PlyCount "101"]
[EventDate "2013.12.06"]
[EventType "team-tourn"]
[EventRounds "11"]
[EventCountry "AUT"]
[SourceTitle "EXT 2015"]
[Source "ChessBase"]
[SourceDate "2014.11.20"]
[SourceVersion "1"]
[SourceVersionDate "2014.11.20"]
[SourceQuality "1"]
[WhiteTeam "Maria Saal"]
[BlackTeam "Baden Invest"]
[WhiteTeamCountry "AUT"]
[BlackTeamCountry "AUT"]

1. d4 d5 2. c4 c6 3. Nf3 Nf6 4. Nc3 dxc4 5. a4 Bf5 6. Nh4 Bc8 7. e3 e6 8. Bxc4 Bb4 9. Nf3 0-0 10. 0-0 Qe7 11. Ne2 Nbd7 12. Ng3 Rd8 13. Qb3 c5 14. a5 cxd4 15. exd4 h6 16. Ra4 Bd6 17. Re1 b6 18. Nf5 Qf8 19. Bxe6 Ne5 20. Bxc8 Nxf3+ 21. Qxf3 Raxc8 22. axb6 axb6 23. Nxh6+ gxh6 24. Qxf6 Rc6 25. Qxh6 Qxh6 26. Bxh6 Bxh2+ 27. Kxh2 Rxh6+ 28. Kg1 b5 29. Rb4 Rhd6 30. Re5 Rxd4 31. Rxd4 Rxd4 32. Rxb5 Rd1+ 33. Kh2 Rb1 34. Rb7 Kg7 35. b4 Rb3 36. b5 Kf6 37. f3 Kg6 38. b6 Kg7 39. Rb8 Kh7 40. f4 Kg7 41. g3 Kh7 42. g4 Kg7 43. f5 Kh7 44. g5 Rb5 45. b7 Kg7 46. f6+ Kh7 47. g6+ fxg6 48. f7 Rh5+ 49. Kg3 Rg5+ 50. Kh4 Rh5+ 51. Kg4 1-0

[Event "AUT-chT 1314"]
[Site "Austria"]
[Date "2014.03.20"]
[Round "8.5"]
[White "Genser, Harald"]
[Black "Herndlbauer, Martin"]
[Result "1-0"]
[WhiteElo "2293"]
[BlackElo "2119"]
[PlyCount "113"]
[EventDate "2013.12.06"]
[EventType "team-tourn"]
[EventRounds "11"]
[EventCountry "AUT"]
[SourceTitle "EXT 2015"]
[Source "ChessBase"]
[SourceDate "2014.11.20"]
[SourceVersion "1"]
[SourceVersionDate "2014.11.20"]
[SourceQuality "1"]
[WhiteTeam "St Veit/Glan"]
[BlackTeam "Baden Invest"]
[WhiteTeamCountry "AUT"]
[BlackTeamCountry "AUT"]

1. d4 d5 2. c4 c6 3. Nc3 dxc4 4. e3 b5 5. a4 b4 6. Ne4 Qd5 7. Ng3 Nf6 8. Be2 e6 9. e4 Qa5 10. Bxc4 Bb7 11. Nf3 Nbd7 12. 0-0 Be7 13. Re1 0-0 14. e5 Nd5 15. Ng5 g6 16. Qg4 b3 17. Rd1 Qb4 18. Qe2 N5b6 19. Bd3 Bxg5 20. Bxg5 Qxd4 21. Be7 Qxe5 22. Bxf8 Qxe2 23. Bxe2 Kxf8 24. a5 Nd5 25. Bc4 Rb8 26. Ne4 Ke7 27. Ra3 f5 28. Nd2 Bc8 29. Rxb3 Rxb3 30. Nxb3 Kd6 31. Rc1 Ne5 32. Bf1 Nd7 33. Bc4 Ne5 34. Bxd5 exd5 35. Nc5 Nc4 36. b4 f4 37. Re1 Nxa5 38. Re8 Bf5 39. Ra8 Nc4 40. Rxa7 h5 41. Nb7+ Kc7 42. Na5+ Kd6 43. Ra6 Nxa5 44. Rxa5 d4 45. Kf1 Bd3+ 46. Ke1 Bb5 47. Ra1 Kd5 48. Rc1 Ke4 49. Kd2 f3 50. g3 Kf5 51. h3 Ke6 52. Rc5 Kf6 53. h4 Ke6 54. Rg5 Kf6 55. g4 hxg4 56. Rxg4 Ke5 57. Rxg6 1-0

[Event "AUT-chT 1314"]
[Site "Austria"]
[Date "2014.02.01"]
[Round "6.4"]
[White "Deglmann, Ludwig"]
[Black "Herndlbauer, Martin"]
[Result "1/2-1/2"]
[WhiteElo "2349"]
[BlackElo "2119"]
[PlyCount "46"]
[EventDate "2013.12.06"]
[EventType "team-tourn"]
[EventRounds "11"]
[EventCountry "AUT"]
[SourceTitle "CBM 158 Extra"]
[Source "ChessBase"]
[SourceDate "2014.02.28"]
[SourceVersion "1"]
[SourceVersionDate "2014.02.28"]
[SourceQuality "1"]
[WhiteTeam "Absam"]
[BlackTeam "Baden Invest"]
[WhiteTeamCountry "AUT"]
[BlackTeamCountry "AUT"]

1. c4 c6 2. Nf3 d5 3. e3 Nf6 4. Nc3 Bg4 5. h3 Bxf3 6. Qxf3 e6 7. d4 Bb4 8. Bd3 Nbd7 9. cxd5 exd5 10. g4 Qe7 11. Bd2 Nb6 12. Kf1 Bxc3 13. Bxc3 Ne4 14. a3 a5 15. Kg2 0-0 16. Qe2 Rfe8 17. Be1 Nd6 18. a4 Nd7 19. Rc1 Nf8 20. Bd2 Ne4 21. Be1 Nd6 22. Bd2 Ne4 23. Be1 Nd6 1/2-1/2

[Event "AUT-chT 1314"]
[Site "Austria"]
[Date "2014.01.30"]
[Round "4.3"]
[White "Herndlbauer, Martin"]
[Black "Arnaudov, Petar G"]
[Result "0-1"]
[WhiteElo "2119"]
[BlackElo "2442"]
[PlyCount "70"]
[EventDate "2013.12.06"]
[EventType "team-tourn"]
[EventRounds "11"]
[EventCountry "AUT"]
[SourceTitle "CBM 158 Extra"]
[Source "ChessBase"]
[SourceDate "2014.02.28"]
[SourceVersion "1"]
[SourceVersionDate "2014.02.28"]
[SourceQuality "1"]
[WhiteTeam "Baden Invest"]
[BlackTeam "Bernhard"]
[WhiteTeamCountry "AUT"]
[BlackTeamCountry "AUT"]

1. d4 Nf6 2. c4 Nc6 3. Nc3 e5 4. d5 Ne7 5. e4 Ng6 6. a3 Bc5 7. Be2 d6 8. Nf3 a6 9. h3 0-0 10. g3 h6 11. b4 Ba7 12. Bd3 Nh7 13. Qc2 Ne7 14. g4 Ng6 15. Ne2 Qf6 16. Neg1 c6 17. Be3 cxd5 18. cxd5 Bd7 19. Qc7 Bb5 20. Bxb5 axb5 21. Qxb7 Bxe3 22. fxe3 Nh4 23. Nxh4 Qxh4+ 24. Kd2 Nf6 25. Kd3 Rfb8 26. Qe7 Rc8 27. Nf3 Qf2 28. Nd2 Rc3+ 29. Kxc3 Qxe3+ 30. Kc2 Rc8+ 31. Kd1 Nxe4 32. Nxe4 Qd4+ 33. Nd2 Qxa1+ 34. Ke2 Qxh1 35. Qxd6 Rc2 0-1

[Event "AUT-chT 1314"]
[Site "Austria"]
[Date "2013.12.07"]
[Round "2.6"]
[White "Herndlbauer, Martin"]
[Black "Thiede, Lars"]
[Result "0-1"]
[WhiteElo "2119"]
[BlackElo "2440"]
[PlyCount "84"]
[EventDate "2013.12.06"]
[EventType "team-tourn"]
[EventRounds "11"]
[EventCountry "AUT"]
[SourceTitle "CBM 157 Extra"]
[Source "ChessBase"]
[SourceDate "2013.12.19"]
[SourceVersion "1"]
[SourceVersionDate "2013.12.19"]
[SourceQuality "1"]
[WhiteTeam "Baden Invest"]
[BlackTeam "Wulkaprodersdorf"]
[WhiteTeamCountry "AUT"]
[BlackTeamCountry "AUT"]

1. d4 g6 2. c4 c5 3. d5 b5 4. cxb5 Bg7 5. Nc3 a6 6. bxa6 Bxa6 7. g3 d6 8. Bg2 Nf6 9. Nf3 0-0 10. Rb1 Nbd7 11. b3 Qa5 12. Bd2 Qc7 13. 0-0 Rfb8 14. Ne1 Ne8 15. a4 Rb7 16. Nc2 Rab8 17. Na3 Qd8 18. Ncb5 Nc7 19. Ba5 Bxb5 20. Nxb5 Nb6 21. Bxb6 Rxb6 22. Na7 Qd7 23. Nc6 Ra8 24. Qd3 Na6 25. Qe4 Bf6 26. a5 Rb7 27. Rfc1 Nb4 28. Qc4 Qe8 29. e3 Nxc6 30. dxc6 Rb4 31. Qxb4 cxb4 32. c7 Rc8 33. Rc4 Qd7 34. Rxb4 Rxc7 35. a6 d5 36. Bf1 Kg7 37. Ra4 d4 38. Rd1 Qf5 39. a7 Rc2 40. f4 Qh5 41. h3 Qf3 42. a8Q Qf2+ 0-1

[Event "EU-Cup 29th"]
[Site "Rhodes"]
[Date "2013.10.24"]
[Round "5.5"]
[White "Herndlbauer, Martin"]
[Black "Meylan, Pierre"]
[Result "1-0"]
[WhiteElo "2125"]
[BlackElo "2060"]
[PlyCount "59"]
[EventDate "2013.10.20"]
[EventType "team-swiss"]
[EventRounds "7"]
[EventCountry "GRE"]
[SourceTitle "CBM 157"]
[Source "ChessBase"]
[SourceDate "2013.11.12"]
[SourceVersion "1"]
[SourceVersionDate "2013.11.12"]
[SourceQuality "1"]
[WhiteTeam "Baden Invest"]
[BlackTeam "Monte Carlo"]
[WhiteTeamCountry "AUT"]
[BlackTeamCountry "MNC"]

1. d4 Nf6 2. c4 c5 3. d5 e6 4. Nc3 exd5 5. cxd5 d6 6. e4 g6 7. f3 Bg7 8. Bg5 0-0 9. Qd2 a6 10. a4 Nbd7 11. Nh3 Re8 12. Nf2 Qa5 13. Ra3 Ne5 14. Be2 Rb8 15. 0-0 Qc7 16. Raa1 c4 17. Rac1 b5 18. axb5 axb5 19. b4 Ba6 20. Ra1 Ra8 21. Be3 Reb8 22. g4 Qe7 23. g5 Ne8 24. f4 Nd7 25. Bg4 Nc7 26. Bd4 Re8 27. Bxg7 Kxg7 28. e5 Nxe5 29. fxe5 Qxe5 30. Rae1 1-0

[Event "EU-Cup 29th"]
[Site "Rhodes"]
[Date "2013.10.23"]
[Round "4.5"]
[White "Runarsson, Gunnar Freyr"]
[Black "Herndlbauer, Martin"]
[Result "0-1"]
[WhiteElo "2074"]
[BlackElo "2125"]
[PlyCount "109"]
[EventDate "2013.10.20"]
[EventType "team-swiss"]
[EventRounds "7"]
[EventCountry "GRE"]
[SourceTitle "CBM 157"]
[Source "ChessBase"]
[SourceDate "2013.11.12"]
[SourceVersion "1"]
[SourceVersionDate "2013.11.12"]
[SourceQuality "1"]
[WhiteTeam "Viking"]
[BlackTeam "Baden Invest"]
[WhiteTeamCountry "ISL"]
[BlackTeamCountry "AUT"]

1. d4 d5 2. e4 dxe4 3. Nc3 Nf6 4. f3 Bf5 5. Bg5 Nbd7 6. Bc4 h6 7. Be3 Nb6 8. Bb3 e6 9. Qe2 Bb4 10. Qb5+ c6 11. Qxb4 a5 12. Qc5 Nfd7 13. Qd6 exf3 14. Nxf3 a4 15. g4 Bxg4 16. Ne5 Bf5 17. d5 axb3 18. dxc6 Nxe5 19. Qxd8+ Rxd8 20. Bxb6 bxc2 21. Bxd8 Kxd8 22. cxb7 Ke7 23. a4 Rb8 24. b4 Nd3+ 25. Kd2 Nxb4 26. a5 Rxb7 27. a6 Rd7+ 28. Kc1 Nc6 29. Nb5 Na7 30. Nxa7 Rxa7 31. Re1 Bd3 32. Re3 Rxa6 33. Rxa6 Bxa6 34. Kxc2 f5 35. Kc3 Kf6 36. Kd4 Bb7 37. h4 g5 38. hxg5+ hxg5 39. Re5 g4 40. Re1 g3 41. Rb1 g2 42. Ke3 Be4 43. Ra1 Kg5 44. Rc1 Kg4 45. Kf2 f4 46. Rc5 Bd5 47. Rc8 Kf5 48. Rb8 f3 49. Rb4 e5 50. Ra4 e4 51. Ra3 Ke5 52. Ra1 Bc4 53. Ke3 Bf1 54. Ra5+ Kf6 55. Kf2 0-1

[Event "AUT-chT2O 1112"]
[Site "Austria"]
[Date "2012.03.17"]
[Round "8.2"]
[White "Alvir, Aco"]
[Black "Herndlbauer, Martin"]
[Result "1-0"]
[WhiteElo "2354"]
[BlackElo "2151"]
[PlyCount "65"]
[EventDate "2011.10.15"]
[EventType "team-tourn"]
[EventRounds "11"]
[EventCountry "AUT"]
[SourceTitle "EXT 2013"]
[Source "ChessBase"]
[SourceDate "2012.11.22"]
[SourceVersion "1"]
[SourceVersionDate "2012.11.22"]
[SourceQuality "1"]
[WhiteTeam "Waehring"]
[BlackTeam "Baden Invest"]
[WhiteTeamCountry "AUT"]
[BlackTeamCountry "AUT"]

1. e4 d5 2. exd5 Qxd5 3. Nc3 Qa5 4. d4 c6 5. Nf3 Nf6 6. Bc4 Bf5 7. Bd2 e6 8. Nd5 Qd8 9. Nxf6+ gxf6 10. Bb3 Qc7 11. Qe2 Nd7 12. Nh4 Bg6 13. 0-0-0 0-0-0 14. g3 Nb6 15. Ba5 Rd7 16. Kb1 Bg7 17. Nxg6 hxg6 18. c4 c5 19. d5 Qe5 20. Qxe5 fxe5 21. dxe6 Rxd1+ 22. Rxd1 f5 23. Bxb6 axb6 24. Rd7 Bf6 25. Rf7 Bd8 26. e7 Bxe7 27. Rxe7 Rxh2 28. Rxe5 Rxf2 29. Re6 g5 30. Rg6 g4 31. Bd1 Kd7 32. a4 Ke8 33. Rxb6 1-0